000 00362 a2200145 4500
005 20250627120245.0
020 _a978-0-07-290027-9
082 _a338.5 BER
100 _aBERNHEIM,D.
245 _aMicroeconomics
260 _aNew Year,
_bMcGraw Hill,
_c2008.
300 _axxiii, 812p.; ill.; figure, table
_c25cm.
700 _aWHINSTON, M. D.
942 _2ddc
_cBKS
999 _c5612
_d5612